000 00250nam a22001097a 4500
082 _aM4
_bNIT/N
100 _aNitya Chaithanya Yathi
245 _aNervazhi
260 _aFernhill:
_bNitya Books,
_c1997.
650 _aLiterature Malayalam
942 _cBK
999 _c175066
_d175066